Lịch sử Việt Nam cổ trung đại ( 1427 - trước 1858 )

Nội dung giáo trình đề tập đến sự phát triển của chế độ phong kiến tập quyền thời Lê sơ, nước Đại Việt từ thế kỷ XVI đến XVII, sự khủng hoảng của chế độ phong kiến Đảng ngoài và phong trài nông dân khởi nghĩa thế kỷ XVIII, sự khủng...

全面介紹

Đã lưu trong:
書目詳細資料
主要作者: Lê, Thị Minh Thu
格式: 圖書
語言:Undetermined
出版: Cần Thơ Trường Đại học Cần Thơ 2000
主題:
標簽: 添加標簽
沒有標簽, 成為第一個標記此記錄!
Thư viện lưu trữ: Trung tâm Học liệu Trường Đại học Cần Thơ
LEADER 01241nam a2200205Ia 4500
001 CTU_38430
008 210402s9999 xx 000 0 und d
082 |a 959.7 
082 |b Th500 
100 |a Lê, Thị Minh Thu 
245 0 |a Lịch sử Việt Nam cổ trung đại ( 1427 - trước 1858 ) 
245 0 |c Lê Thị Minh Thu (Biên soạn) 
260 |a Cần Thơ 
260 |b Trường Đại học Cần Thơ 
260 |c 2000 
520 |a Nội dung giáo trình đề tập đến sự phát triển của chế độ phong kiến tập quyền thời Lê sơ, nước Đại Việt từ thế kỷ XVI đến XVII, sự khủng hoảng của chế độ phong kiến Đảng ngoài và phong trài nông dân khởi nghĩa thế kỷ XVIII, sự khủng hoảng của chế độ phong kiến ở Việt Nam nửa sau thế kỷ XVIII - Phong trào nông dân Tây Sơn. Triều Đại Quang Trung và chế độ phong kiến phản động của nhà Nguyễn (1802 - 1858). 
650 |a Vietnam 
650 |x History 
904 |i Thùy Trang 
980 |a Trung tâm Học liệu Trường Đại học Cần Thơ